书目信息 |
| 题名: |
成交,就是这么简单
|
|
| 作者: | 林裕峰 著 | |
| 分册: | ||
| 出版信息: | 北京 中国纺织出版社 2017 |
|
| 页数: | 235页 | |
| 开本: | 23cm | |
| 丛书名: | ||
| 单 册: | ||
| 中图分类: | F713.3 | |
| 科图分类: | ||
| 主题词: | 销售--方法 | |
| 电子资源: | ||
| ISBN: | 978-7-5180-3775-9 | |
| 000 | 00883nam0 2200241 450 | |
| 001 | 012001000632 | |
| 005 | 20140920091302.0 | |
| 010 | @a978-7-5180-3775-9@dCNY39.80 | |
| 100 | @a20171018d2017 em y0chiy50 ea | |
| 101 | 0 | @achi |
| 102 | @aCN@b110000 | |
| 105 | @aa z 000yy | |
| 106 | @ar | |
| 200 | 1 | @a成交,就是这么简单@9Cheng Jiao,jiu Shi Zhe Me Jian Dan@f林裕峰著 |
| 210 | @a北京@c中国纺织出版社@d2017 | |
| 215 | @a235页@c图@d23cm | |
| 314 | @a林裕峰,男,超越巅峰商学院执行长,获选2015年和2016年“世界华人八大讲师”。 | |
| 330 | @a本书展示了销售成交的真正关键技巧,助你成为所在领域的销售冠军:怎样进行自我销售;怎样解读购买信息;怎样克服顾客拒绝;怎样处理客户拖延;怎样排除客户异议;怎样把握成交契机。 | |
| 606 | 0 | @a销售@x方法 |
| 690 | @aF713.3@v5 | |
| 701 | 0 | @a林裕峰@9Lin Yu Feng@4著 |
| 801 | 0 | @aCN@b上海新华@c20180901 |
| 905 | @b1155145-49@dF713.3@e1020@f5 | |
| 成交,就是这么简单/林裕峰著.-北京:中国纺织出版社,2017 |
| 235页:图;23cm |
| ISBN 978-7-5180-3775-9:CNY39.80 |
| 本书展示了销售成交的真正关键技巧,助你成为所在领域的销售冠军:怎样进行自我销售;怎样解读购买信息;怎样克服顾客拒绝;怎样处理客户拖延;怎样排除客户异议;怎样把握成交契机。 |
| ● |
| 相关链接 |
|
|
|
|
正题名:成交,就是这么简单
索取号:F713.3/1020
 
预约/预借
| 序号 | 登录号 | 条形码 | 馆藏地/架位号 | 状态 | 备注 |
| 1 | 1155145 | 211551453 | 第一样本阅览室/ [索取号:F713.3/1020] | 在馆 | |
| 2 | 1155146 | 211551462 | 密集书库-海洋学院/ [索取号:F713.3/1020] | 在馆 | |
| 3 | 1155147 | 211551471 | 第一借阅区/ [索取号:F713.3/1020] | 在馆 | |
| 4 | 1155148 | 211551480 | 第一借阅区/ [索取号:F713.3/1020] | 在馆 | |
| 5 | 1155149 | 211551499 | 第一借阅区/ [索取号:F713.3/1020] | 在馆 |